പക്ഷികളും ഒരു മനുഷ്യനും: ഇന്ദുചൂഢന്റെ ജീവിതം (Record no. 752926)

MARC details
000 -LEADER
fixed length control field 00572 a2200157 4500
020 ## - INTERNATIONAL STANDARD BOOK NUMBER
ISBN 9789359625690
084 ## - OTHER CLASSIFICATION NUMBER
Source of Number CC
Classification number K96wN23
100 ## - MAIN ENTRY--AUTHOR NAME
Personal name SURESH ELAMON |
-- സുരേഷ് ഇളമൺ
240 ## - UNIFORM TITLE
Uniform title Pakshikalum oru manushyanum : Induchoodante jeevitham
245 ## - TITLE STATEMENT
Title പക്ഷികളും ഒരു മനുഷ്യനും: ഇന്ദുചൂഢന്റെ ജീവിതം
260 ## - PUBLICATION, DISTRIBUTION, ETC. (IMPRINT)
Name of publisher Mathrubhumi Books,
Year of publication 2024,
Place of publication Kozhikode
300 ## - PHYSICAL DESCRIPTION
Number of Pages 312p.
650 ## - SUBJECT ADDED ENTRY--TOPICAL TERM
Topical Term Induchoodan,Biography
942 ## - ADDED ENTRY ELEMENTS (KOHA)
Koha item type Book
Source of classification or shelving scheme Colon Classification
Holdings
Withdrawn status Lost status Source of classification or shelving scheme Damaged status Not for loan Collection code Home Library Current Location Shelving location Date acquired Source of acquisition Cost, normal purchase price Full call number Accession Number Cost, replacement price Price effective from Koha item type
    Colon Classification     Genaral Biography Kerala University Library Kerala University Library General Stacks 19/01/2026 5 409.50 K96wN23 32R4;1(GB) 325716 630.00 19/01/2026 General
    Colon Classification     Kerala Reference Kerala University Library Kerala University Library Reference 19/01/2026 5 409.50 K96wN23 32R4 (KR) 325715 630.00 19/01/2026 Reference